Economic history of England / (Record no. 125622)

MARC details
000 -LEADER
fixed length control field 00708nam a22002417a 4500
005 - DATE AND TIME OF LATEST TRANSACTION
control field 20170124105957.0
010 ## - LIBRARY OF CONGRESS CONTROL NUMBER
LC control number A-122192
020 ## - INTERNATIONAL STANDARD BOOK NUMBER
Terms of availability 00.00
037 ## - SOURCE OF ACQUISITION
Source of stock number/acquisition Cen Lib/Ret
040 ## - CATALOGING SOURCE
Original cataloging agency DPL
Language of cataloging EN
082 ## - DEWEY DECIMAL CLASSIFICATION NUMBER
Classification number 330.9
Item number BRI
100 ## - MAIN ENTRY--PERSONAL NAME
Personal name Briggs, Milton
9 (RLIN) 14966
245 ## - TITLE STATEMENT
Title Economic history of England /
Statement of responsibility, etc by Milton Briggs [and] Percy Jordan
250 ## - EDITION STATEMENT
Edition statement 12th ed
260 ## - PUBLICATION, DISTRIBUTION, ETC. (IMPRINT)
Place of publication, distribution, etc London
Name of publisher, distributor, etc University tutorial press
Date of publication, distribution, etc 1967
270 ## - ADDRESS
Address 9-10,Great Sutton Street
City London
300 ## - PHYSICAL DESCRIPTION
Extent 732p.
Dimensions 20cm(Hb)
500 ## - GENERAL NOTE
General note Includes index
650 ## - SUBJECT ADDED ENTRY--TOPICAL TERM
Topical term or geographic name as entry element Economic history
9 (RLIN) 6496
650 ## - SUBJECT ADDED ENTRY--TOPICAL TERM
Topical term or geographic name as entry element Industries
Geographic subdivision Great Britain
9 (RLIN) 14967
700 ## - ADDED ENTRY--PERSONAL NAME
Personal name Jordan,Percy
9 (RLIN) 79719
942 ## - ADDED ENTRY ELEMENTS (KOHA)
Source of classification or shelving scheme Dewey Decimal Classification
Koha item type English Books
Classification part 330.9
Call number suffix BRI
Holdings
Withdrawn status Lost status Damaged status Not for loan Home library Current library Date acquired Source of acquisition Cost, normal purchase price Total Checkouts Full call number Barcode Date last seen Copy number Cost, replacement price Price effective from Koha item type
        Central Library Central Library 22/06/2015 Cen Lib/Ret 0.00   330.9 BRI A-122192 22/06/2015 1 0.00 22/06/2015 English Books

© Delhi Public Library
Hit Counter
free hit counter